The border region : natural environment and land use in the Eastern Cape /

Bibliographic Details
Main Author: Board, C.
Corporate Author: Rhodes University. Institute of Social and Economic Research
Format: Book
Language:English
Published: Cape Town : Published on behalf of the Institute of Social and Economic Research, Rhodes University [by] Oxford University Press, 1962.
Subjects:

MARC

Tag First Indicator Second Indicator Subfields
LEADER 00000cam a2200000 4500
001 in00000051258
005 20151007065934.0
008 740726s1962 sa ab b 00000 eng
010 |a  63001597  
035 |a (OCoLC)00963563 
035 |9 AAE3004AM 
040 |a DLC  |c TOL  |d OCL  |d TXA  |d UtOrBLW 
049 |a TXAM  |c 1, maps [467052]  |c 1 [467053] 
050 0 0 |a GF721.S6  |b B6 
082 0 |a 572.9687 
092 |a 572.9687  |b B662b, 1962 
100 1 |a Board, C. 
245 1 4 |a The border region :  |b natural environment and land use in the Eastern Cape /  |c With contributions by C. J. Bader, D. M. Comins, and E. D. Mountain. Edited by E. D. Mountain and J. V. L. Rennie. 
264 1 |a Cape Town :  |b Published on behalf of the Institute of Social and Economic Research, Rhodes University [by] Oxford University Press,  |c 1962. 
300 |a xvi, 238 pages :  |b illustrations, maps (part folded) tables. and portfolio (4 folded color maps) ;  |c 26 cm. 
336 |a text  |b txt  |2 rdacontent 
337 |a unmediated  |b n  |2 rdamedia 
338 |a volume  |b nc  |2 rdacarrier 
504 |a Bibliographical footnotes. 
650 0 |a Human geography  |z South Africa  |z Cape of Good Hope. 
710 2 |a Rhodes University.  |b Institute of Social and Economic Research. 
999 |a MARS 
999 f f |s 28ab54e0-a96d-33d9-9117-19e3c9670f33  |i a5383950-755e-3bbb-926f-f52df84c5a21  |t 0 
952 f f |p ric  |a Texas A&M University  |b Rellis Campus  |c Joint Library Facility  |s JLF  |d Remote Storage  |t 0  |e GF721.S6 B6  |h Library of Congress classification  |i unmediated -- volume  |m A14800968603 
998 f f |a GF721.S6 B6  |t 0  |l Remote Storage